| 000 | 00418nam a2200181Ia 4500 | ||
|---|---|---|---|
| 005 | 20250626013042.0 | ||
| 008 | 240331s9999 xx 000 0 und d | ||
| 020 | _a9551131592 | ||
| 082 |
_bEPI _a306 |
||
| 100 | _aEpitawatte,S | ||
| 245 | 0 | _aSamajaya kiyaweema 1-2 | |
| 260 |
_aColombo _bA Stamford Lake _c2006 |
||
| 300 | _a232 p., | ||
| 650 | _aFeminime | ||
| 650 | _aMasculine | ||
| 650 | _aSexual | ||
| 942 | _cL | ||
| 999 |
_c5082 _d5082 |
||